<?xml version="1.0" encoding="UTF-8"?><?xml-stylesheet type="text/xsl" href="static/style.xsl"?><OAI-PMH xmlns="http://www.openarchives.org/OAI/2.0/" xmlns:xsi="http://www.w3.org/2001/XMLSchema-instance" xsi:schemaLocation="http://www.openarchives.org/OAI/2.0/ http://www.openarchives.org/OAI/2.0/OAI-PMH.xsd"><responseDate>2026-06-07T17:26:16Z</responseDate><request verb="GetRecord" identifier="oai:docta.ucm.es:20.500.14352/110544" metadataPrefix="marc">https://docta.ucm.es/rest/oai/request</request><GetRecord><record><header><identifier>oai:docta.ucm.es:20.500.14352/110544</identifier><datestamp>2025-03-18T12:00:09Z</datestamp><setSpec>com_20.500.14352_14</setSpec><setSpec>col_20.500.14352_15</setSpec></header><metadata><record xmlns="http://www.loc.gov/MARC21/slim" xmlns:dcterms="http://purl.org/dc/terms/" xmlns:xsi="http://www.w3.org/2001/XMLSchema-instance" xmlns:doc="http://www.lyncode.com/xoai" xsi:schemaLocation="http://www.loc.gov/MARC21/slim http://www.loc.gov/standards/marcxml/schema/MARC21slim.xsd">
   <leader>00925njm 22002777a 4500</leader>
   <datafield ind2=" " ind1=" " tag="042">
      <subfield code="a">dc</subfield>
   </datafield>
   <datafield ind2=" " ind1=" " tag="720">
      <subfield code="a">Borda de la Parra, Roberto</subfield>
      <subfield code="e">author</subfield>
   </datafield>
   <datafield ind2=" " ind1=" " tag="720">
      <subfield code="a">Ávila Cantos, Débora</subfield>
      <subfield code="e">author</subfield>
   </datafield>
   <datafield ind2=" " ind1=" " tag="720">
      <subfield code="a">Ayala Rubio, Ariadna</subfield>
      <subfield code="e">author</subfield>
   </datafield>
   <datafield ind2=" " ind1=" " tag="260">
      <subfield code="c">2022-07-28</subfield>
   </datafield>
   <datafield ind2=" " ind1=" " tag="520">
      <subfield code="a">El presente artículo nace de una construcción conjunta fruto de la experiencia compartida entre personas vulnerabilizadas atravesadas por las políticas públicas que han puesto en marcha la prestación del ingreso mínimo vital (IMV) —en tanto que solicitantes y/o perceptoras del mismo— y plataformas ciudadanas de defensa de los derechos ciudadanos que los han acompañado en el proceso. El IMV es una prestación dirigida a prevenir el riesgo de pobreza y exclusión social de las personas que carecen de recursos económicos básicos para cubrir sus necesidades básicas. Esta prestación está destinada a colectivos muy concretos y sujeta a una serie de requisitos. En conversación con las cofirmantes del artículo, las siguientes páginas ponen en el centro la necesidad de proponer una mirada que, más allá del marco normativo y los discursos mediáticos en torno a las políticas de rentas de inserción, se centre en los procedimientos administrativos y las prácticas burocráticas que conforman la gestión cotidiana de estas prestaciones, constituyendo disposiciones de apertura o cierre que condicionan el acceso a los derechos sociales. En tanto que el IMV se configura como un derecho subjetivo naciente, su puesta en marcha constituye un lugar privilegiado desde el que, precisamente, analizar el despliegue normativo y burocrático que lo acompaña, así como los usos políticos que de él se han hecho.</subfield>
   </datafield>
   <datafield ind2=" " ind1=" " tag="520">
      <subfield code="a">This article is the result of a joint construction resulting from the shared experience of vulnerable people affected by the public policies that have implemented the minimum vital income (MVI) —as applicants and/or recipients— and citizen platforms for the defense of citizens’ rights that have accompanied them in the process. The MVI is a benefit aimed  at  preventing  the  risk  of  poverty  and  social  exclusion  of  people  who  lack  basic  economic  resources  to  cover  their basic needs. This benefit is aimed at very specific groups and subject to a series of requirements. In conversation with the co-signers of the article, the following pages focus on the need to propose a view that, beyond the regulatory framework and media discourse surrounding the insertion income policies, focuses on the administrative procedures and bureaucratic practices that shape the daily management of these benefits, giving rise to situations of openness or closure that condition access to social rights.Insofar as the IMV is configured as a nascent subjective right, its implementation constitutes a privileged place from which, precisely, to analyze the regulatory and bureaucratic deployment that accompanies it, as well as the political uses that have been made of it.</subfield>
   </datafield>
   <datafield ind1="8" ind2=" " tag="024">
      <subfield code="a">Borda, R., Ávila, D. y Ayala Rubio, A. (2022). Acompañando desde las trincheras: vivencias tras un año de ingreso mínimo vital. Polít. Soc. (Madr.)59(2), 78888. https://doi.org/10.5209/poso.78888</subfield>
   </datafield>
   <datafield ind1="8" ind2=" " tag="024">
      <subfield code="a">10.5209/poso.78888</subfield>
   </datafield>
   <datafield ind1="8" ind2=" " tag="024">
      <subfield code="a">https://hdl.handle.net/20.500.14352/110544</subfield>
   </datafield>
   <datafield ind1="8" ind2=" " tag="024">
      <subfield code="a">https://doi.org/10.5209/poso.78888</subfield>
   </datafield>
   <datafield ind1="8" ind2=" " tag="024">
      <subfield code="a">https://revistas.ucm.es/index.php/POSO/article/view/78888</subfield>
   </datafield>
   <datafield ind1="8" ind2=" " tag="024">
      <subfield code="a">https://dialnet.unirioja.es/servlet/articulo?codigo=8562484</subfield>
   </datafield>
   <datafield ind2="0" ind1="0" tag="245">
      <subfield code="a">Acompañando desde las trincheras: vivencias tras un año de ingreso mínimo vital</subfield>
   </datafield>
</record></metadata></record></GetRecord></OAI-PMH>